| 000 | 00525nam a2200169 a 4500 | ||
|---|---|---|---|
| 005 | 20240529063626.0 | ||
| 008 | 991125s1978 mx 000 0 spa u | ||
| 035 | _aUPN01000001513 | ||
| 049 | _aSEP | ||
| 050 | 4 |
_aLB1578 A3.71 _bI5.2 |
|
| 110 | 2 | _aInstituto Nacional Indigenista (México) | |
| 245 | 1 | 0 |
_aAlfabetización región maya peninsular : _blibro de trabajo bilingüe / _cInstituto Nacional Indigenista. |
| 260 |
_aMéxico : _bINI, _c1978. |
||
| 300 |
_a97 p. : _bil. |
||
| 650 | 4 |
_aCartilla maya _98051 |
|
| 905 | _aLibro | ||
| 999 |
_c1513 _d1513 |
||